Zlatý Anděl Jean Nouvel v Praze /

Main Author: Fialová, Irena, 1961-
Language: Czech
English
Published: Praha : Zlatý řez, c2000
Physical Description: 189 s. : il. ; 21 x 24 cm
Book
Saved in:
LEADER 01587nam a2200457 a 4500
001 000549387
003 CZ BrMZK
005 20080522162910.0
007 ta
008 000115s2000 xr e dcze d
015 |a cnb000990707 
020 |a 80-901562-5-8 
035 |a (OCoLC)49412218 
040 |a BOA001  |b cze 
041 1 |a cze  |a eng 
043 |a e-xr---  |b e-xr-pg  |2 czenas 
072 7 |a 72  |x Architektura  |2 Konspekt  |9 21 
080 |a 725.2  |2 MRF 
080 |a 7.036/.038  |2 MRF 
080 |a (084.12)  |2 MRF 
080 |a (082)  |2 MRF 
080 |a (083.92)  |2 MRF 
100 1 |a Fialová, Irena,  |d 1961-  |7 mzk2007423943  |4 edt 
245 1 0 |a Zlatý Anděl Jean Nouvel v Praze /  |c sestavila Irena Fialová. 
246 3 1 |a Zlatý Anděl Jean Nouvel in Prague 
260 |a Praha :  |b Zlatý řez,  |c c2000 
300 |a 189 s. :  |b il. ;  |c 21 x 24 cm 
500 |a Název a text též angl. 
500 |a Bibliogr. 
600 1 7 |a Nouvel, Jean,  |d 1945-  |7 xx0023643  |2 czenas 
650 0 7 |a moderní architektura  |7 ph115339  |z Česko  |2 czenas 
650 0 7 |a obchodní budovy  |7 ph137674  |z Česko  |2 czenas 
650 0 7 |a administrativní budovy  |7 ph137673  |z Česko  |2 czenas 
655 7 |a fotografické publikace  |7 fd132276  |2 czenas 
655 7 |a sborníky  |7 fd163935  |2 czenas 
655 7 |a plány  |7 fd133026  |2 czenas 
610 2 7 |a Zlatý Anděl (administrativně-nákupní centrum)  |7 kn20020322213  |2 czenas 
651 7 |a Praha (Česko)  |7 ge118011  |2 czenas 
910 |a BOA001  |b 2-1082.042 
990 |a BK 
996 6 |b 2610129113  |c 2-1082.042  |l MZK  |r Sklad / do 1 hodiny  |n 3  |p p.v.  |w 000549387  |u 000010  |a 1  |e BOA001  |j MZK50  |s P